LEADER 03256nam 2200685 450 001 9910798750503321 005 20200520144314.0 010 $a1-5261-1208-6 010 $a1-5261-1209-4 024 7 $a10.7765/9781526112095 035 $a(CKB)3710000000853524 035 $a(EBL)4706715 035 $a(MiAaPQ)EBC4706715 035 $a(Au-PeEL)EBL4706715 035 $a(CaPaEBR)ebr11275014 035 $a(OCoLC)960165938 035 $a(DE-B1597)660618 035 $a(DE-B1597)9781526112095 035 $a(EXLCZ)993710000000853524 100 $a20161013h20132013 uy 0 101 0 $aeng 135 $aur|n|---||||| 181 $2rdacontent 182 $2rdamedia 183 $2rdacarrier 200 14$aThe Levellers $eradical political thought in the English Revolution /$fRachel Foxley 210 1$aManchester, England ;$aNew York, New York :$cManchester University Press,$d2013. 210 2$aNew York, New York :$cPalgrave Macmillan,$d[date of distribution not identified] 210 4$d2013 215 $a1 online resource (269 p.) 225 1 $aPolitics Culture and Society in Early Modern Britain 300 $aDescription based upon print version of record. 311 $a0-7190-9660-X 320 $aIncludes bibliographical references and index. 327 $aThe Levellers: Radical political thought in the English Revolution; Half Title Page ; Title Page ; Contents; Acknowledgements; Abbreviations; Note on conventions; Introduction: Levellers and historians; Chapter 1: Consent and the origins of government ; Chapter 2: The appeal to the people ; Chapter 3: The laws of England and the 'free-born Englishman'; Chapter 4: Religion, politics, and conscience ; Chapter 5: Levellers and the army: England's freedom, soldiers' rights; Chapter 6: Levellers into republicans? ; Conclusion; Bibliography; Index 330 $aThe Leveller movement of the 1640s campaigned for religious toleration and a radical remaking of politics in post-civil war England. This book, the first full-length study of the Levellers for fifty years, offers a fresh analysis of the originality and character of Leveller thought. Challenging received ideas about the Levellers as social contract theorists and Leveller thought as a mere radicalisation of parliamentarian thought, Foxley shows that the Levellers' originality lay in their subtle and unexpected combination of different strands within parliamentarianism. The book takes full accoun 410 0$aPolitics, culture, and society in early modern Britain. 606 $aLevellers 607 $aGreat Britain$xHistory$yPuritan Revolution, 1642-1660 610 $aEnglish Civil War. 610 $aEnglish revolution. 610 $aLevellers. 610 $aLilburne, John. 610 $aNew Model Army. 610 $aOverton, Richard. 610 $aWalwyn, William. 610 $aradicalism. 610 $arepublicanism. 610 $atoleration. 615 0$aLevellers. 676 $a942.062 700 $aFoxley$b Rachel$01126429 801 0$bMiAaPQ 801 1$bMiAaPQ 801 2$bMiAaPQ 906 $aBOOK 912 $a9910798750503321 996 $aThe Levellers$93836306 997 $aUNINA 999 $p$43.75$u06/22/2018$5Hist LEADER 04996nam 22006615 450 001 9910984693003321 005 20250301115238.0 010 $a9783031722943$b(electronic bk.) 010 $z9783031722936 024 7 $a10.1007/978-3-031-72294-3 035 $a(MiAaPQ)EBC31928886 035 $a(Au-PeEL)EBL31928886 035 $a(CKB)37744250500041 035 $a(OCoLC)1504735888 035 $a(DE-He213)978-3-031-72294-3 035 $a(EXLCZ)9937744250500041 100 $a20250301d2025 u| 0 101 0 $aeng 135 $aurcnu|||||||| 181 $ctxt$2rdacontent 182 $cc$2rdamedia 183 $acr$2rdacarrier 200 10$aAlgerian Cinema in Forty Five Lessons $eArt, Politics and Social Change /$fby Ahmed Bedjaoui 205 $a1st ed. 2025. 210 1$aCham :$cSpringer Nature Switzerland :$cImprint: Palgrave Macmillan,$d2025. 215 $a1 online resource (210 pages) 225 1 $aPalgrave Studies in Arab Cinema,$x2731-4901 311 08$aPrint version: Bedjaoui, Ahmed Algerian Cinema in Forty Five Lessons Cham : Palgrave Macmillan,c2025 9783031722936 327 $aForeword by Nabil Boudraa.-Introduction: A Revised Concept of Algerian Cinema.-Chapter 1. The Premises.-Chapter 2. The first steps of a young nation.-Chapter 3. An early golden age.-Chapter 4. A new generation and new concerns.-Chapter 5. Derision and laughter.-Chapter 6. International recognition.-Chapter 7. Rural and social protest.-Chapter 8. Assia Djebar - Pioneer of a women's cinema.-Chapter 9. Childhood in Algerian cinema.-Chapter 10. The best of TV production.-Chapter 11. Yamina, Yasmine and Mohamed Chouikh: a family dedicated to the film industry -- Chapter 12. Films speak Tamazight.-Chapter 13. Teguia, the outsider -- Chapter 14. A new vision of the Algerian war -- Chapter 15. Documentaries as a mirror of Algerian reality.-Chapter 16. Women?s voices versus fundamentalism -- Chapter 17. Post fundamentalism trauma.-Chapter 18. Back to ancient history.-Chapter 19. New tendencies and the young Algerian cinema.-Conclusion: Challenges of an uncertain future.-. 330 $aAlgerian Cinema in Forty Five Lessons offers a fresh approach to examine the history of Algerian cinema, from its inception to the present day, providing in-depth analysis of forty five key films. While most scholarly and critical work on Algerian cinema continues to centre on the War of Independence and those films engaging with it, Dr Ahmed Bedjaoui argues that this thematic dominance has overshadowed many other important aspects of Algerian film history. Further, Bedjaoui examines how "revolutionary" films have frequently depicted an idealized image of a heroic, flawless and fearless figure which has been strategically crafted to legitimize national authority at different points in time. This book offers a new reading, which involves rehabilitating some major but underestimated works, as well as questioning other films primarily known for their contribution to the Algerian national story. Among the works studied, certain productions offer a less Manichean vision of the War of Independence, while explaining the process that led to it. Above all, Bedjaoui strives to bring out of the shadows films of great artistic value (sometimes produced by state television), and compares the productions of the so-called golden age (1960s and 1970s) with the films made by the following generations, in terms of both creativity and capacity to reflect the specificity of Algerian society. Through a contextualization of forty specific films, this book provides a deep analysis of the changes which occurred in the heart of Algerian society, moving from an all-socialist to an all-protectionist state, before being later threatened by religious fundamentalism. Engaging and accessibly written, and including coverage of many films never written about in English-language histories of Algerian cinema, this book is an essential resource for understanding this dynamic and vital film culture. 410 0$aPalgrave Studies in Arab Cinema,$x2731-4901 606 $aMotion pictures$xHistory 606 $aMotion pictures 606 $aMiddle East$xHistory 606 $aEthnology$zMiddle East 606 $aCulture 606 $aFilm and TV History 606 $aGlobal Film and TV 606 $aHistory of the Middle East 606 $aMiddle Eastern Culture 615 0$aMotion pictures$xHistory. 615 0$aMotion pictures. 615 0$aMiddle East$xHistory. 615 0$aEthnology 615 0$aCulture. 615 14$aFilm and TV History. 615 24$aGlobal Film and TV. 615 24$aHistory of the Middle East. 615 24$aMiddle Eastern Culture. 676 $a791.409 700 $aBedjaoui$b Ahmed$0988270 701 $aBoudraa$b Nabil$01790128 801 0$bMiAaPQ 801 1$bMiAaPQ 801 2$bMiAaPQ 912 $a9910984693003321 996 $aAlgerian Cinema in Forty Five Lessons$94326229 997 $aUNINA